000 00597nam a2200193 i 4500
001 72781
003 ES-MaACL
005 20230906171544.0
007 t|
008 040903s1971 sp ||||1| spa d
100 1 _aGodelier, Maurice.
_957517
245 1 0 _aTeoría marxista de las sociedades precapitalistas /
_cMaurice Godelier ; [traducción de José Mª Castillo].
250 _a[1ª ed.].
260 _aBarcelona :
_bEstela,
_c1971.
300 _a161 p. ;
_c18 cm.
700 1 _aCastillo, José M.
_936698
852 _aES-MaACL
_jC-45362
_bR.78265
852 _aES-MaACL
_jA-10076
_bR.99460
999 _c72781
_d72781